000 00395nam a22001457a 4500
999 _c7665
_d7663
005 20210318122705.0
008 210318b ||||| |||| 00| 0 eng d
082 _a346.066
100 _aAIYAR, A.N.
_96466
245 _aCOMPANY CASES THE CORPORATE LAW WEEKLY [VOL-148]
260 _aCHENNAI
_bCOMPANY LAW INSTITUTE OF INDIA
_c2009
300 _ai-lxiv,148,p
650 _aLAW
_95701
942 _cJRL